000 00865nam0a22002531 4500
001 rc\2008595
005 20250620104211.0
035 _a(NLR Aleph) 005283716
090 _a6123554
_c6123554
100 _a20080811d1915 |||y0rusy50 ca
101 0 _arus
102 _aRU
105 _ab z |||c|
200 1 _aСлавянские народы Австро-Венгрии
_eкраткий очерк их прошлого, быта и современного положения
_fЛ.В. Покос
210 _aКиев
_cИ.И. Самоненко
_d1915
215 _a104 с., 1 л. карт.
_d24
700 1 _aПокос
_bЛ. В.
801 0 _aRU
_bNLR
_c20080811
_gpsbo
801 0 _aRU
_bRuMoRGB
_c20080811
_2psbo
801 1 _aRU
_bProSoft-M
_c20080811
_2rusmarc
801 2 _aRU
_bNLR
_c20130416
_2rusmarc
852 _aNLR
_j37.74.3.157
942 _cBOOK
980 _aNB